Giáo trình luật hiến pháp Việt Nam

Đã lưu trong:
书目详细资料
主要作者: Lê Minh Tâm
格式: 图书
语言:Undetermined
出版: Hà Nội Trường Đại học Luật Hà Nội 1994
主题:
标签: 添加标签
没有标签, 成为第一个标记此记录!
Thư viện lưu trữ: Trung tâm Học liệu Trường Đại học Cần Thơ
LEADER 00543nam a2200169Ia 4500
001 CTU_17722
008 210402s9999 xx 000 0 und d
082 |a 342.597 
082 |b Gi108 
100 |a Lê Minh Tâm 
245 0 |a Giáo trình luật hiến pháp Việt Nam 
245 0 |c Lê Minh Tâm 
260 |a Hà Nội 
260 |b Trường Đại học Luật Hà Nội 
260 |c 1994 
650 |a constitutional law,constitutions, state - vietnam 
980 |a Trung tâm Học liệu Trường Đại học Cần Thơ